000 02004cam a22003854a 4500
999 _c128219
_d128219
001 14877235
003 ARRUPE
005 20180920150459.0
008 070604m2009 enk b 001 0 eng
010 _a 2007023089
_z 2011294462
015 _aGBA724007
_2bnb
016 7 _a013704191
_2Uk
020 _a9780198242673 (v. 1 : alk. paper)
020 _a0198242670
020 _a9780199543274 (v. 2 : alk. paper)
020 _a9780199571789 (v. 3 : alk. paper)
035 _a(OCoLC)ocn141187978
035 _a(OCoLC)141187978
040 _aDLC
_cDLC
_dBAKER
_dBTCTA
_dBWKUK
_dUKM
_dYDXCP
_dDLC
050 0 0 _aBJ71
_b.I79 2009
082 0 0 _a170.9
_222
100 1 _aIrwin, Terence.
_918865
245 1 4 _aThe development of ethics :
_ba historical and critical study /
_cTerence Irwin.
260 _aOxford ;
_aNew York :
_bOxford University Press,
_c2007-2009.
300 _a3 v. ;
_c26 cm.
504 _aIncludes bibliographical references and indexes.
505 0 _av. 1. From Socrates to the Reformation -- v. 2. From Suarez to Rousseau -- v. 3. From Kant to Rawls.
650 0 _aEthics
_xHistory.
_912012
856 4 1 _3Table of contents only
_uhttp://www.loc.gov/catdir/toc/ecip0719/2007023089.html
856 4 2 _3Publisher description
_uhttp://www.loc.gov/catdir/enhancements/fy0907/2007023089-d.html
856 4 2 _3Contributor biographical information
_uhttps://www.loc.gov/catdir/enhancements/fy1612/2007023089-b.html
906 _a7
_bcbc
_corignew
_d1
_eecip
_f20
_gy-gencatlg
942 _2lcc
_cMONOGRAPH